000 00740cam a2200217 a 4500
001 13611358
005 20260313114730.0
008 040602s2004 sa a 000 0 eng d
020 _a0620315598
020 _a9780620315593
050 0 0 _aHQ1236.5.A356
_bR46 2004
082 0 0 _a320/.082/0968
_222
245 0 0 _aRinging up the changes :
_bgender in southern African politics /
_cedited by Colleen Lowe Morna ; with a foreword by Gertrude Mongella.
260 _aJohannesburg :
_bGender Links,
_cc2004.
300 _a280 p. :
_bill. ;
_c25 cm.
500 _aCatalogued from cover.
650 0 _aWomen
_xPolitical activity
_zAfrica, Southern.
700 1 _aMorna, Colleen Lowe.
710 2 _aGender Links (Organization)
942 _2lcc
_cBK
_n0
999 _c9013
_d9013